Normal view
MARC view
Entry Personal Name
001 - CONTROL NUMBER
- control field: 49414
003 - CONTROL NUMBER IDENTIFIER
- control field: OSt
005 - DATE AND TIME OF LATEST TRANSACTION
- control field: 20160331163048.0
008 - FIXED-LENGTH DATA ELEMENTS
- fixed length control field: 160331|| aca||aabn | a|a d
040 ## - CATALOGING SOURCE
- Original cataloging agency: OSt
- Transcribing agency: OSt
100 ## - HEADING--PERSONAL NAME
- Personal name: फ्रेडरिख एंगेल्स
670 ## - SOURCE DATA FOUND
- Source citation: Work cat.: (OSt)12767: फ्रेडरिख एंगेल्स , आवास का प्रश्न, 2004









